000
00377nam a2200169Ia 4500
005
20250603150037.0
008
250603s9999 xx 000 0 und d
020
_a
9786053950165
050
_a
HD 37.T9 .Y6/
245
0
_a
Yönetim bilimi
260
_a
Ankara
260
_b
Nobel Yayın Dağıtım
260
_c
2007
300
_a
646 p
650
_a
Ankara
942
_c
BK
999
_c
43592
_d
43592